000 00454nam a2200157Ia 4500
008 100122s9999 xx 000 0 und d
082 _b45530
_aBM823
100 _aटोळ दत्ता
245 _aसाहसी मुले
250 _a0
260 _bअरगडे कुलकणी प्रकाशन
_c1973
300 _a64
630 _aसाहसी मुले
730 _aसाहसी मुले
942 _cBOOK
999 _c424982
_d424979